The sanctuary of Demeter and Kore : topography and architecture /

Saved in:
Bibliographic Details
Main Author: Bookidis, Nancy, 1938-
Other Authors: Stroud, Ronald S.
Format: Book
Language:English
Published: Princeton, N.J. : American School of Classical Studies at Athens, 1997.
Series:Corinth ; v. 18, pt. 3.
Subjects:
Tags: Add Tag
No Tags, Be the first to tag this record!
LEADER 01192nam a22003258a 4500
001 007735748-5
005 20020606104010.5
008 970815s1997 njuaef b 001 0 eng
010 |a  97034629  
020 |a 0876611838 (alk. paper) 
035 0 |a ocm37513087 
040 |a DLC  |c DLC 
043 |a e-gr--- 
050 0 0 |a DF261.C65  |b A6 vol. 18, pt. 3 
082 0 0 |a 938/.7 s  |a 938/.7  |2 21 
100 1 |a Bookidis, Nancy,  |d 1938- 
245 1 4 |a The sanctuary of Demeter and Kore :  |b topography and architecture /  |c by Nancy Bookidis and Ronald S. Stroud. 
260 |a Princeton, N.J. :  |b American School of Classical Studies at Athens,  |c 1997. 
300 |a xxiii, 510 p., [66] p. of plates :  |b ill., plans ;  |c 32 cm. 
490 1 |a Corinth ;  |v v. 18, pt. 3 
504 |a Includes bibliographical references and indexes. 
610 2 0 |a Sanctuary of Demeter and Persephone (Corinth, Greece) 
650 0 |a Architecture, Greek  |z Greece  |z Corinth. 
650 0 |a Romans  |z Greece  |z Corinth. 
650 0 |a Excavations (Archaeology)  |z Greece  |z Corinth. 
651 0 |a Corinth (Greece)  |x Antiquities, Roman. 
700 1 |a Stroud, Ronald S. 
830 0 |a Corinth ;  |v v. 18, pt. 3. 
988 |a 20020608 
906 |0 DLC